000 00277nam a22001337a 4500
003 SGT
082 _a617
_bM16D
100 _aDAS, A.
245 _aA MANUAL OF CLINICAL SURGERY
260 _aINDIA
_bS.D. PUB.
300 _a2016
650 _aSURGERY
942 _2ddc
_cBK
_067
999 _c13698
_d13698